| 000 | 00924nam a2200253 a 4500 | ||
|---|---|---|---|
| 005 | 20220524082541.0 | ||
| 008 | 991125s1995 mx 000 0 spa u | ||
| 020 | _a9681647734 | ||
| 035 | _aUPN01000004455 | ||
| 040 |
_aMX-MxUPN _bspa _cMX-MxUPN |
||
| 050 | 4 |
_aQ111 _bC5 no.61 1995 |
|
| 100 | 1 |
_aBrandan, María Ester, _d1951- _933916 _eautor |
|
| 245 | 1 | 0 |
_aArmas y explosiones nucleares : _bla humanidad en peligro / _cMaría Ester Brandan. |
| 250 | _aSegunda edición | ||
| 260 |
_aMéxico : _bSecretaría de Educación Pública : _bFondo de Cultura Económica : _bConsejo Nacional de Ciencia y Tecnología, _c1995. |
||
| 300 |
_a113 páginas : _bilustraciones |
||
| 440 | 3 |
_aLa ciencia desde México ; _v61 |
|
| 650 | 2 |
_aBomba atómica _95537 |
|
| 650 | 2 |
_aArmas nucleares _97942 |
|
| 650 | 2 |
_aDesarme nuclear _915145 |
|
| 650 | 0 |
_aExplosiones nucleares subterráneas _944527 |
|
| 905 | _aLibro | ||
| 942 |
_2lcc _cLIBRO |
||
| 999 |
_c4455 _d4455 |
||